| 000 | 00863cam a2200265 a 4500 | ||
|---|---|---|---|
| 999 |
_c32 _d32 |
||
| 001 | 004260 | ||
| 003 | CoMeUDC004260 | ||
| 005 | 20190112140918.0 | ||
| 008 | 180709b ck ||||| |||| 00| 0 spa d | ||
| 043 | _as-ck--- | ||
| 045 | _ax9x9 | ||
| 082 | 0 | 4 |
_a342C _bC718c _23 |
| 092 |
_a342.029861 _bC65c 1999 No.3 |
||
| 110 |
_aMINISTERIO DE JUSTICIA Y DEL DERECHO. _9997 |
||
| 245 | 1 | 0 |
_aConstitución política de Colombia / _cMINISTERIO DE JUSTICIA Y DEL DERECHO. |
| 250 | _a3a. ed. | ||
| 260 |
_aBogotá D.C.: _bImprenta Nacional de Colombia, _c2016. |
||
| 300 |
_a347 p. ; _c15 cm. |
||
| 500 | _aConsulte el contenido también en Internet. | ||
| 500 | _aIncluye índice alfabético. | ||
| 650 | 1 | 4 |
_aOrdenamiento territorial _zColombia |
| 651 | 4 |
_aColombia _yConstitución política, 1991 |
|
| 651 | 4 |
_aColombia _xAdministración pública |
|
| 942 |
_2ddc _cBK _e3 |
||